[Event "Oberliga Ost-B 2324"]
[Site "Germany"]
[Date "2024.04.14"]
[Round "11.4"]
[White "Zude, Arno"]
[Black "Krueger, Rainer"]
[Result "1/2-1/2"]
[WhiteElo "2337"]
[BlackElo "2113"]
[PlyCount "68"]
[EventDate "2023.10.22"]
[EventType "team-tourn"]
[EventRounds "11"]
[EventCountry "GER"]
[SourceTitle "EXT 2025"]
[Source "ChessBase"]
[SourceDate "2024.10.14"]
[SourceVersion "1"]
[SourceVersionDate "2024.10.14"]
[SourceQuality "1"]
[WhiteTeam "Hofheim II"]
[BlackTeam "Erfurt SK II"]
[WhiteTeamCountry "GER"]
[BlackTeamCountry "GER"]

1. e4 c5 2. Nf3 d6 3. d4 cxd4 4. Nxd4 Nf6 5. Nc3 g6 6. Be3 Bg7 7. f3 Nc6 8. Qd2 0-0 9. 0-0-0 d5 10. exd5 Nxd5 11. Nxc6 bxc6 12. Bd4 Nxc3 13. Qxc3 Bh6+ 14. Be3 Bxe3+ 15. Qxe3 Qb6 16. Re1 Be6 17. h4 Rab8 18. b3 Rfd8 19. h5 Qd4 20. Qxd4 Rxd4 21. Bd3 Kg7 22. Kb2 Kf6 23. Kc3 Rbd8 24. g3 Bf5 25. hxg6 Bxg6 26. Bc4 h5 27. f4 e6 28. Rh2 Rd1 29. Re3 Ra1 30. a4 Rdd1 31. Re5 Rh1 32. Rg2 Rag1 33. Rxg1 Rxg1 34. Re3 Rg2 1/2-1/2

[Event "Oberliga Ost-B 2324"]
[Site "Germany"]
[Date "2024.03.16"]
[Round "8.4"]
[White "Krueger, Rainer"]
[Black "Hoffmeister, Frank"]
[Result "1-0"]
[WhiteElo "2105"]
[BlackElo "2167"]
[PlyCount "123"]
[EventDate "2023.10.22"]
[EventType "team-tourn"]
[EventRounds "11"]
[EventCountry "GER"]
[SourceTitle "EXT 2025"]
[Source "ChessBase"]
[SourceDate "2024.10.14"]
[SourceVersion "1"]
[SourceVersionDate "2024.10.14"]
[SourceQuality "1"]
[WhiteTeam "Erfurt SK II"]
[BlackTeam "Eppstein"]
[WhiteTeamCountry "GER"]
[BlackTeamCountry "GER"]

1. Nf3 d5 2. c4 c6 3. b3 Nf6 4. Bb2 Bf5 5. g3 h6 6. Bg2 e6 7. 0-0 Be7 8. d3 0-0 9. Nbd2 a5 10. Re1 Na6 11. a3 Rc8 12. h3 Bh7 13. Rc1 Nd7 14. Rc2 Bf6 15. Qa1 Re8 16. Bxf6 Nxf6 17. Rb1 c5 18. Ne5 Rc7 19. Qc3 Qd6 20. Ndf3 b6 21. Qd2 Nd7 22. Nxd7 Rxd7 23. Qe3 e5 24. cxd5 Nc7 25. Nd2 Nxd5 26. Bxd5 Qxd5 27. b4 axb4 28. axb4 Rc7 29. Nc4 Qe6 30. bxc5 bxc5 31. Qxe5 Qxe5 32. Nxe5 Bf5 33. Ng4 h5 34. Ne3 Bxh3 35. Rb5 g6 36. Rbxc5 Rxc5 37. Rxc5 Be6 38. d4 Rd8 39. d5 Bd7 40. Kg2 Kf8 41. Nc4 f6 42. e4 g5 43. Nb6 Be8 44. Rc7 Rd6 45. Nc8 Rd7 46. Rxd7 Bxd7 47. Nb6 Bb5 48. f4 g4 49. e5 fxe5 50. fxe5 Ke7 51. Kf2 Kd8 52. d6 Ke8 53. Ke3 Kf7 54. Kf4 Ke6 55. Kg5 Be8 56. d7 Bxd7 57. Nxd7 Kxd7 58. Kxh5 Ke6 59. Kxg4 Kxe5 60. Kg5 Ke6 61. Kg6 Ke7 62. Kg7 1-0

[Event "Oberliga Ost-B 2324"]
[Site "Germany"]
[Date "2023.12.03"]
[Round "3.4"]
[White "Krueger, Rainer"]
[Black "Wolf, Ulrich Martin"]
[Result "0-1"]
[WhiteElo "2137"]
[BlackElo "2185"]
[PlyCount "64"]
[EventDate "2023.10.22"]
[EventType "team-tourn"]
[EventRounds "11"]
[EventCountry "GER"]
[SourceTitle "EXT 2025"]
[Source "ChessBase"]
[SourceDate "2024.10.14"]
[SourceVersion "1"]
[SourceVersionDate "2024.10.14"]
[SourceQuality "1"]
[WhiteTeam "Erfurt SK II"]
[BlackTeam "Bad Homburg"]
[WhiteTeamCountry "GER"]
[BlackTeamCountry "GER"]

1. Nf3 f5 2. g3 Nf6 3. Bg2 g6 4. 0-0 Bg7 5. d4 0-0 6. c4 d6 7. Nc3 c6 8. Qc2 Na6 9. a3 Qe8 10. Re1 e5 11. e4 f4 12. b4 Nh5 13. dxe5 Bg4 14. Rf1 Qe6 15. Ne2 dxe5 16. Bb2 Rad8 17. Qc3 Rd7 18. Rad1 Re7 19. c5 Nc7 20. a4 Ne8 21. Rd8 h6 22. b5 Ref7 23. Ra8 cxb5 24. axb5 Nc7 25. Rxf8+ Rxf8 26. Qa5 Qb3 27. Qxc7 Qxb2 28. Nc1 Qxb5 29. Nxe5 Bxe5 30. Qxe5 Qe8 31. Qd5+ Qf7 32. Rd1 Bxd1 0-1

[Event "Bayern-chI Bank Hofmann 22nd"]
[Site "Tegernsee"]
[Date "2018.10.28"]
[Round "2"]
[White "Stark, Lars"]
[Black "Krueger, Rainer"]
[Result "1-0"]
[WhiteElo "2374"]
[BlackElo "2152"]
[PlyCount "105"]
[EventDate "2018.10.27"]
[EventType "swiss"]
[EventRounds "9"]
[EventCountry "GER"]
[SourceTitle "CBM 187 Extra"]
[Source "ChessBase"]
[SourceDate "2018.11.04"]
[SourceVersion "1"]
[SourceVersionDate "2018.11.04"]
[SourceQuality "1"]

1. c4 Nf6 2. g3 c6 3. Nf3 d5 4. Bg2 g6 5. Qa4 Nbd7 6. cxd5 cxd5 7. Nc3 Bg7 8. Qb3 e6 9. 0-0 0-0 10. d3 b6 11. Bf4 Bb7 12. Rfc1 a6 13. Na4 b5 14. Nc5 Nxc5 15. Rxc5 Nd7 16. Rc2 Rc8 17. Rxc8 Qxc8 18. Rc1 Qa8 19. Rc7 Nb6 20. d4 Rc8 21. Qc2 Nd7 22. Qc3 Rxc7 23. Bxc7 Bc6 24. e3 Qb7 25. Bd6 Qb6 26. Bb4 Bf6 27. Ba5 Qb7 28. Ne1 Be7 29. Nd3 Bd6 30. Bb4 Qc7 31. Qa3 Bxb4 32. Qxb4 a5 33. Qe7 Qc8 34. Qd6 b4 35. Bf1 Bb5 36. Nc5 Nxc5 37. dxc5 Bc6 38. Bd3 Kg7 39. Kf1 h5 40. Ke2 Qd7 41. Qb8 g5 42. Ke1 f5 43. Kd2 Kg6 44. Qg8+ Kf6 45. f4 gxf4 46. exf4 Qg7 47. Qxg7+ Kxg7 48. Ke3 a4 49. a3 bxa3 50. bxa3 Kg6 51. Kd4 Kf6 52. Be2 Be8 53. Bd1 1-0

[Event "Bayern-chI Bank Hofmann 18th"]
[Site "Bad Wiessee"]
[Date "2014.10.26"]
[Round "2"]
[White "Sumets, Andrey"]
[Black "Krueger, Rainer"]
[Result "1-0"]
[WhiteElo "2589"]
[BlackElo "2181"]
[PlyCount "91"]
[EventDate "2014.10.25"]
[EventType "swiss"]
[EventRounds "9"]
[EventCountry "GER"]
[SourceTitle "EXT 2015"]
[Source "ChessBase"]
[SourceDate "2014.11.20"]
[SourceVersion "1"]
[SourceVersionDate "2014.11.20"]
[SourceQuality "1"]

1. d4 Nf6 2. c4 g6 3. Nf3 Bg7 4. e3 0-0 5. Be2 d5 6. cxd5 Nxd5 7. e4 Nb6 8. 0-0 Bg4 9. Nbd2 e5 10. Nxe5 Bxe2 11. Qxe2 Qxd4 12. Ndf3 Qc5 13. Bf4 Na6 14. Rac1 Qe7 15. Rfe1 Nc5 16. Qe3 Ne6 17. Bh6 c6 18. Bxg7 Kxg7 19. Ng4 h5 20. Qc3+ f6 21. Ne3 Rfe8 22. Nf5+ gxf5 23. exf5 Qf7 24. fxe6 Rxe6 25. Rxe6 Qxe6 26. Re1 Qd7 27. Qa3 Kf7 28. Qc5 Nd5 29. Qc2 Kg8 30. Qg6+ Qg7 31. Re8+ Rxe8 32. Qxe8+ Qf8 33. Qxh5 Qc5 34. Qg6+ Kf8 35. Qh6+ Ke8 36. h4 Qc2 37. Qd2 Qf5 38. a3 Kf7 39. Nd4 Qg4 40. g3 f5 41. Kg2 f4 42. Qe2 Ne3+ 43. fxe3 Qxg3+ 44. Kf1 Qh3+ 45. Qg2 Qxe3 46. Qf2 1-0

[Event "BL2-Ost 1011"]
[Site "Germany"]
[Date "2010.12.12"]
[Round "4.8"]
[White "Krueger, Rainer"]
[Black "Goetz, Andreas1"]
[Result "0-1"]
[WhiteElo "2208"]
[BlackElo "2147"]
[PlyCount "84"]
[EventDate "2010.10.10"]
[EventType "team-tourn"]
[EventRounds "9"]
[EventCountry "GER"]
[SourceTitle "EXT 2012"]
[Source "ChessBase"]
[SourceDate "2011.11.24"]
[SourceVersion "1"]
[SourceVersionDate "2011.11.24"]
[SourceQuality "1"]
[WhiteTeam "Erfurt SK"]
[BlackTeam "Koenig Plauen"]
[WhiteTeamCountry "GER"]
[BlackTeamCountry "GER"]

1. d4 d5 2. Nf3 e6 3. c4 Nf6 4. g3 Bb4+ 5. Bd2 Be7 6. Nc3 0-0 7. Bg2 c6 8. 0-0 Nbd7 9. b3 Bd6 10. Bf4 Qc7 11. Bxd6 Qxd6 12. Qd3 b6 13. e4 dxe4 14. Nxe4 Qc7 15. Rac1 Ba6 16. Nxf6+ Nxf6 17. Ne5 Bb7 18. Qe3 Rad8 19. Rfd1 Nd7 20. f4 Rfe8 21. a4 f6 22. Nxd7 Rxd7 23. d5 Qd8 24. Re1 cxd5 25. Bh3 Rd6 26. cxd5 Bxd5 27. Rcd1 Bb7 28. Bxe6+ Kh8 29. Rxd6 Qxd6 30. f5 Qc6 31. Re2 Rd8 32. Rd2 Qh1+ 33. Kf2 Qxh2+ 34. Ke1 Qh1+ 35. Kf2 Qg2+ 36. Ke1 Rxd2 37. Qxd2 Qxg3+ 38. Kd1 Qg1+ 39. Kc2 Qg2 40. b4 h5 41. Kd3 Qxd2+ 42. Kxd2 h4 0-1

[Event "Oberliga Ost-B 0910"]
[Site "Germany"]
[Date "2009.10.18"]
[Round "1.3"]
[White "Krueger, Rainer"]
[Black "Schoebel, Wolfgang"]
[Result "1-0"]
[WhiteElo "2211"]
[BlackElo "2266"]
[PlyCount "77"]
[EventDate "2009.10.18"]
[EventType "team-tourn"]
[EventRounds "11"]
[EventCountry "GER"]
[SourceTitle "EXT 2011"]
[Source "ChessBase"]
[SourceDate "2010.11.26"]
[SourceVersion "1"]
[SourceVersionDate "2010.11.26"]
[SourceQuality "1"]
[WhiteTeam "Erfurt SK II"]
[BlackTeam "Schoeneck"]
[WhiteTeamCountry "GER"]
[BlackTeamCountry "GER"]

1. c4 Nf6 2. Nf3 c6 3. b3 d5 4. Bb2 Qb6 5. Qc2 Na6 6. Nc3 Nb4 7. Qb1 dxc4 8. bxc4 g6 9. g3 Bg7 10. Bg2 0-0 11. 0-0 Bf5 12. d3 Na6 13. Qc2 Rfe8 14. Na4 Qc7 15. Be5 Qd7 16. Rab1 b5 17. Nc3 bxc4 18. Qa4 Qc8 19. Qxc4 Be6 20. Qa4 Nc5 21. Qa3 Ncd7 22. Rfc1 Nd5 23. Bxg7 Kxg7 24. Nd4 N7f6 25. Nxc6 Qd7 26. Ne5 Qd8 27. Rb7 Rc8 28. Rxa7 Qb6 29. Nc4 Qd4 30. Nxd5 Bxd5 31. Rxe7 Rxe7 32. Qxe7 Re8 33. Qd6 Rxe2 34. Ne3 Qb2 35. Rc8 Re1+ 36. Nf1 g5 37. Bxd5 Rxf1+ 38. Kxf1 Qc1+ 39. Rxc1 1-0

[Event "Oberliga Ost-B 0809"]
[Site "Germany"]
[Date "2009.03.15"]
[Round "9.2"]
[White "Krueger, Rainer"]
[Black "Boehmer, Christian"]
[Result "1/2-1/2"]
[WhiteElo "2216"]
[BlackElo "2195"]
[PlyCount "31"]
[EventDate "2008.10.26"]
[EventType "team-tourn"]
[EventRounds "11"]
[EventCountry "GER"]
[SourceTitle "EXT 2010"]
[Source "ChessBase"]
[SourceDate "2010.11.25"]
[SourceVersion "1"]
[SourceVersionDate "2010.11.25"]
[SourceQuality "1"]
[WhiteTeam "Erfurt SK II"]
[BlackTeam "Moerlenbach"]
[WhiteTeamCountry "GER"]
[BlackTeamCountry "GER"]

1. Nf3 Nf6 2. g3 d5 3. d4 c6 4. Bg2 Bf5 5. 0-0 e6 6. Nh4 Bd6 7. Nxf5 exf5 8. c4 dxc4 9. Nd2 Nbd7 10. Nxc4 Bc7 11. Qd3 g6 12. a4 0-0 13. b4 a6 14. Bf4 Bxf4 15. gxf4 Nd5 16. Bxd5 1/2-1/2

[Event "Oberliga Ost-B 0809"]
[Site "Germany"]
[Date "2008.12.14"]
[Round "4.3"]
[White "Krueger, Rainer"]
[Black "Traudes, Wolfgang"]
[Result "1/2-1/2"]
[WhiteElo "2216"]
[BlackElo "2256"]
[PlyCount "40"]
[EventDate "2008.10.26"]
[EventType "team-tourn"]
[EventRounds "11"]
[EventCountry "GER"]
[SourceTitle "EXT 2010"]
[Source "ChessBase"]
[SourceDate "2010.11.25"]
[SourceVersion "1"]
[SourceVersionDate "2010.11.25"]
[SourceQuality "1"]
[WhiteTeam "Erfurt SK II"]
[BlackTeam "Wiesbaden"]
[WhiteTeamCountry "GER"]
[BlackTeamCountry "GER"]

1. c4 Nc6 2. Nc3 e5 3. g3 f5 4. Bg2 Nf6 5. e3 d5 6. cxd5 Nb4 7. d3 Nfxd5 8. Nxd5 Nxd5 9. Nf3 Bd6 10. 0-0 Nf6 11. Bd2 Qe7 12. Bc3 c6 13. Qa4 0-0 14. Rac1 Re8 15. Rfd1 h6 16. b4 a6 17. Qb3+ Be6 18. Qb2 Bd7 19. a3 Kh7 20. Nd2 Nd5 1/2-1/2

[Event "Bayern-chI Bank Hofmann 12th"]
[Site "Bad Wiessee"]
[Date "2008.11.04"]
[Round "4"]
[White "Stanford, Maxim Barth"]
[Black "Krueger, Rainer"]
[Result "1-0"]
[WhiteElo "2415"]
[BlackElo "2216"]
[PlyCount "121"]
[EventDate "2008.11.01"]
[EventType "swiss"]
[EventRounds "9"]
[EventCountry "GER"]
[SourceTitle "EXT 2009"]
[Source "ChessBase"]
[SourceDate "2008.11.26"]
[SourceVersion "1"]
[SourceVersionDate "2008.11.26"]
[SourceQuality "1"]

1. c4 Nf6 2. Nf3 g6 3. Nc3 d5 4. cxd5 Nxd5 5. Qa4+ Nc6 6. Ne5 Nxc3 7. bxc3 Bg7 8. Nxc6 Qd7 9. g3 Qxc6 10. Qxc6+ bxc6 11. Bg2 Kd7 12. Ba3 Ba6 13. 0-0 e6 14. d3 Bf8 15. Bb4 Rb8 16. Rab1 c5 17. Ba5 Rb5 18. Rxb5 Bxb5 19. Rb1 Bc6 20. c4 Bg7 21. Rb3 Bxg2 22. Kxg2 Kc6 23. Kf3 f5 24. Bd2 Re8 25. Ra3 Kb7 26. Be3 Bd4 27. Bxd4 cxd4 28. Kf4 e5+ 29. Kg5 e4 30. Kh6 Re7 31. Ra5 c6 32. c5 exd3 33. exd3 f4 34. Ra4 Re2 35. Kxh7 Rxf2 36. gxf4 Rxf4 37. Kxg6 Rh4 38. Rb4+ Ka6 39. Kf6 Rxh2 40. Ke5 Ka5 41. Rb7 Ka6 42. Rb3 Rxa2 43. Kd6 Ka5 44. Kxc6 Ka4 45. Rb1 Rd2 46. Kb7 Rxd3 47. c6 Rc3 48. c7 a5 49. c8Q Rxc8 50. Kxc8 Ka3 51. Kd7 Ka2 52. Rb8 a4 53. Kc6 a3 54. Kc5 d3 55. Kc4 d2 56. Rd8 Kb1 57. Rxd2 a2 58. Kb3 a1N+ 59. Kc3 Kc1 60. Ra2 Kb1 61. Rh2 1-0

[Event "Oberliga Ost-B 0607"]
[Site "Germany"]
[Date "2007.04.21"]
[Round "10.3"]
[White "Krueger, Rainer"]
[Black "Nagel, Bernhard"]
[Result "0-1"]
[WhiteElo "2236"]
[BlackElo "2226"]
[PlyCount "146"]
[EventDate "2006.10.15"]
[EventType "team-tourn"]
[EventRounds "11"]
[EventCountry "GER"]
[SourceTitle "EXT 2008"]
[Source "ChessBase"]
[SourceDate "2007.11.25"]
[SourceVersion "1"]
[SourceVersionDate "2007.11.25"]
[SourceQuality "1"]
[WhiteTeam "Erfurt SK II"]
[BlackTeam "Wiesbaden"]
[WhiteTeamCountry "GER"]
[BlackTeamCountry "GER"]

1. c4 e5 2. Nc3 Nf6 3. g3 Bb4 4. Bg2 Bxc3 5. bxc3 0-0 6. d3 c6 7. e4 d5 8. cxd5 cxd5 9. Ba3 Re8 10. Ne2 dxe4 11. dxe4 Qxd1+ 12. Rxd1 Be6 13. Nc1 Nbd7 14. 0-0 Rac8 15. f4 Rxc3 16. Bd6 Rc2 17. a3 Ng4 18. Rf3 Ngf6 19. fxe5 Ng4 20. Nd3 Bc4 21. Nb4 Rxg2+ 22. Kxg2 Be2 23. e6 fxe6 24. Rc1 Bxf3+ 25. Kxf3 Nde5+ 26. Kf4 g5+ 27. Kxg5 a5 28. Na2 Nf7+ 29. Kxg4 Nxd6 30. e5 Nf7 31. Rc5 b6 32. Rb5 Rc8 33. Rxb6 Rc4+ 34. Kh5 Rc2 35. Rxe6 Rxh2+ 36. Kg4 Rxa2 37. Re8+ Kg7 38. e6 Ne5+ 39. Kf5 Ng6 40. Ra8 Rxa3 41. Ra7+ Kh6 42. e7 Re3 43. Rxa5 Nxe7+ 44. Kf4 Re6 45. Kg4 Ng8 46. Rh5+ Kg7 47. Ra5 Nh6+ 48. Kh5 Nf7 49. Kg4 Kg6 50. Rb5 h6 51. Ra5 Ng5 52. Kh4 Re4+ 53. g4 Nh7 54. Ra6+ Nf6 55. Kh3 Rd4 56. Rb6 Kg5 57. Rb5+ Rd5 58. Rb8 Rd3+ 59. Kg2 Nxg4 60. Rb2 Rc3 61. Rb8 Kh4 62. Ra8 Rg3+ 63. Kh1 Rf3 64. Kg2 Rf2+ 65. Kg1 Kg3 66. Ra3+ Rf3 67. Ra4 Ne3 68. Ra1 h5 69. Rb1 h4 70. Ra1 h3 71. Re1 h2+ 72. Kh1 Ng4 73. Re3 Nf2# 0-1

[Event "Oberliga Ost-B 0506"]
[Site "Germany"]
[Date "2006.01.28"]
[Round "6.6"]
[White "Donchenko, Irina"]
[Black "Krueger, Rainer"]
[Result "0-1"]
[WhiteElo "2066"]
[BlackElo "2239"]
[PlyCount "64"]
[EventDate "2005.11.13"]
[EventType "team-tourn"]
[EventRounds "11"]
[EventCountry "GER"]
[SourceTitle "EXT 2007"]
[Source "ChessBase"]
[SourceDate "2006.11.23"]
[SourceVersion "1"]
[SourceVersionDate "2006.11.23"]
[SourceQuality "1"]
[WhiteTeam "Soemmerda"]
[BlackTeam "Erfurt II"]
[WhiteTeamCountry "GER"]
[BlackTeamCountry "GER"]

1. d4 Nf6 2. Nf3 g6 3. c4 Bg7 4. Nc3 d5 5. Qa4+ c6 6. Bg5 0-0 7. cxd5 cxd5 8. e3 Nc6 9. Bd3 a6 10. 0-0 Be6 11. Rfc1 b5 12. Qd1 Qb6 13. a4 b4 14. a5 Nxa5 15. Na4 Qd8 16. Nc5 Bg4 17. Nxa6 Ne4 18. Bf4 e5 19. Bxe5 Bxe5 20. dxe5 Nb3 21. Qxb3 Bxf3 22. Bxe4 Bxe4 23. f3 Bf5 24. Nxb4 Qb6 25. Rxa8 Rxa8 26. Rc6 Qb5 27. Kf2 Rb8 28. Qxd5 Qxb4 29. Rd6 Qh4+ 30. Kf1 Rxb2 31. Rd8+ Kg7 32. g3 Qh3+ 0-1

[Event "Oberliga Ost-B 0506"]
[Site "Germany"]
[Date "2005.12.11"]
[Round "4"]
[White "Krueger, Rainer"]
[Black "Murdzia, Piotr"]
[Result "1/2-1/2"]
[WhiteElo "2239"]
[BlackElo "2448"]
[PlyCount "67"]
[EventDate "2005.11.13"]
[EventType "team-tourn"]
[EventRounds "11"]
[EventCountry "GER"]
[SourceTitle "CBM 109 Extra"]
[Source "ChessBase"]
[SourceDate "2006.01.03"]
[SourceVersion "2"]
[SourceVersionDate "2006.01.03"]
[SourceQuality "1"]

1. d4 Nf6 2. Nf3 e6 3. Bf4 c5 4. e3 Nc6 5. c3 d5 6. Be2 Bd6 7. Nbd2 Bxf4 8. exf4 cxd4 9. cxd4 Qb6 10. Nb3 0-0 11. 0-0 Bd7 12. Ne5 Rfc8 13. Bf3 Be8 14. Qd2 Qb4 15. Qe3 Ne7 16. a3 Qd6 17. Rfc1 b6 18. Rxc8 Rxc8 19. Rc1 Rxc1+ 20. Nxc1 Qc7 21. Qd2 Bb5 22. Na2 Nf5 23. Nc3 Ba6 24. g3 h6 25. h4 Nd6 26. Kg2 Nf5 27. Kh3 Bf1+ 28. Kh2 a5 29. Kg1 Ba6 30. Kg2 Bc4 31. Bd1 Ba6 32. Bc2 Nd6 33. Bb1 Kf8 34. g4 1/2-1/2

[Event "Oberliga Ost-B 0405"]
[Site "Germany"]
[Date "2005.04.10"]
[Round "11.6"]
[White "Krueger, Rainer"]
[Black "Hoehn, Michael"]
[Result "0-1"]
[WhiteElo "2243"]
[BlackElo "2133"]
[PlyCount "60"]
[EventDate "2004.10.10"]
[EventType "team-tourn"]
[EventRounds "11"]
[EventCountry "GER"]
[SourceTitle "EXT 2006"]
[Source "ChessBase"]
[SourceDate "2005.11.24"]
[SourceVersion "1"]
[SourceVersionDate "2005.11.24"]
[SourceQuality "1"]
[WhiteTeam "Erfurt SK II"]
[BlackTeam "Offenbach"]
[WhiteTeamCountry "GER"]
[BlackTeamCountry "GER"]

1. d4 Nf6 2. Nf3 e6 3. Bf4 Be7 4. h3 0-0 5. e3 c5 6. Bd3 cxd4 7. exd4 d6 8. Nbd2 Nbd7 9. c3 e5 10. Bh2 b6 11. 0-0 Bb7 12. Re1 exd4 13. cxd4 Re8 14. Rc1 a6 15. Nc4 Nf8 16. Ne3 g6 17. Bc4 b5 18. Bb3 Ne6 19. d5 Nc5 20. Nd4 Rc8 21. a3 Bf8 22. Ba2 Bh6 23. b4 Na4 24. Nc6 Qd7 25. Qd4 Ne4 26. Qd3 Bg7 27. Bb3 Bxc6 28. dxc6 Rxc6 29. Bxf7+ Qxf7 30. Rxc6 Qxf2+ 0-1

[Event "Oberliga Ost-B 0405"]
[Site "Germany"]
[Date "2004.11.28"]
[Round "4.6"]
[White "Wafzig, Peter"]
[Black "Krueger, Rainer"]
[Result "0-1"]
[WhiteElo "2171"]
[BlackElo "2243"]
[PlyCount "148"]
[EventDate "2004.10.10"]
[EventType "team-tourn"]
[EventRounds "11"]
[EventCountry "GER"]
[SourceTitle "EXT 2006"]
[Source "ChessBase"]
[SourceDate "2005.11.24"]
[SourceVersion "1"]
[SourceVersionDate "2005.11.24"]
[SourceQuality "1"]
[WhiteTeam "Wiesbaden Dotzheim"]
[BlackTeam "Erfurt SK II"]
[WhiteTeamCountry "GER"]
[BlackTeamCountry "GER"]

1. Nc3 c5 2. e4 d6 3. f4 Nc6 4. Nf3 g6 5. Bc4 Bg7 6. f5 e6 7. 0-0 exf5 8. d3 Nge7 9. Qe1 Nd4 10. Qh4 Be6 11. Bg5 h6 12. Bd2 d5 13. exd5 Nxd5 14. Qf2 0-0 15. Nb5 Nxb5 16. Bxb5 a6 17. Bc4 b5 18. Bb3 Rc8 19. c4 Nf6 20. cxb5 Bxb3 21. axb3 axb5 22. Rfd1 Qd6 23. h3 Nd5 24. Ra5 g5 25. Kh1 Nf4 26. Bxf4 Qxf4 27. Rxb5 Be5 28. Qd2 Qxd2 29. Rxd2 Bf4 30. Rd1 Rfe8 31. Ng1 Be3 32. Ne2 Rb8 33. Rxb8 Rxb8 34. Ng3 f4 35. Nf5 Rxb3 36. Nxh6+ Kf8 37. Nf5 Rxb2 38. Nxe3 fxe3 39. Re1 e2 40. Kg1 Rd2 41. Kf2 Rxd3 42. Rxe2 f6 43. Re6 Kf7 44. Rc6 Rc3 45. g4 c4 46. Ke2 Ke7 47. Kd2 Rd3+ 48. Kc2 Rxh3 49. Rxc4 Kd6 50. Kd2 Kd5 51. Ra4 Rf3 52. Ke2 Rf4 53. Ra6 Ke5 54. Ra5+ Ke6 55. Ra6+ Kf7 56. Ke3 Rxg4 57. Kf3 Rf4+ 58. Kg3 Kg6 59. Rb6 Ra4 60. Rc6 Rd4 61. Ra6 Kf5 62. Ra5+ Ke6 63. Ra6+ Rd6 64. Ra8 f5 65. Ra3 Kf6 66. Rb3 Kg6 67. Ra3 Kh5 68. Rb3 Re6 69. Kf2 f4 70. Rh3+ Kg4 71. Rh1 f3 72. Ra1 Re2+ 73. Kf1 Kg3 74. Rb1 Rh2 0-1

[Event "Oberliga Ost-B 0304"]
[Site "Germany"]
[Date "2003.11.02"]
[Round "1.5"]
[White "Meyer, Stefan"]
[Black "Krueger, Rainer"]
[Result "1/2-1/2"]
[WhiteElo "2184"]
[BlackElo "2241"]
[PlyCount "44"]
[EventDate "2003.11.02"]
[EventType "team-tourn"]
[EventRounds "11"]
[EventCountry "GER"]
[SourceTitle "EXT 2005"]
[Source "ChessBase"]
[SourceDate "2004.11.15"]
[SourceVersion "1"]
[SourceVersionDate "2004.11.15"]
[SourceQuality "1"]
[WhiteTeam "Dotzheim"]
[BlackTeam "Erfurt SK II"]
[WhiteTeamCountry "GER"]
[BlackTeamCountry "GER"]

1. e3 e5 2. c4 Nf6 3. Nc3 Nc6 4. Nf3 d5 5. cxd5 Nxd5 6. Bb5 Nxc3 7. bxc3 Bd7 8. d4 exd4 9. cxd4 Bb4+ 10. Bd2 Qe7 11. 0-0 Bxd2 12. Qxd2 0-0 13. Rab1 Bf5 14. Bd3 Be4 15. Bxe4 Qxe4 16. Rfc1 Rac8 17. Qc2 Qxc2 18. Rxc2 Na5 19. Ne5 c6 20. Kf1 Rfd8 21. Nc4 Nxc4 22. Rxc4 Rc7 1/2-1/2

[Event "BL2-Ost 0203"]
[Site "Germany"]
[Date "2003.03.30"]
[Round "9.4"]
[White "Wernert, Wilfrid"]
[Black "Krueger, Rainer"]
[Result "1/2-1/2"]
[WhiteElo "2306"]
[BlackElo "2228"]
[PlyCount "32"]
[EventDate "2002.10.20"]
[EventType "team-tourn"]
[EventRounds "9"]
[EventCountry "GER"]
[SourceTitle "EXT 2004"]
[Source "ChessBase"]
[SourceDate "2003.11.25"]
[SourceVersion "1"]
[SourceVersionDate "2003.11.25"]
[SourceQuality "1"]
[WhiteTeam "Leipzig Lok Mitte"]
[BlackTeam "Erfurt SK II"]
[WhiteTeamCountry "GER"]
[BlackTeamCountry "GER"]

1. e4 c5 2. Nc3 Nc6 3. f4 g6 4. Nf3 Bg7 5. Bc4 e6 6. f5 Nge7 7. fxe6 dxe6 8. 0-0 0-0 9. d3 Na5 10. Bb3 Nxb3 11. axb3 Nc6 12. Bg5 Qd7 13. Qd2 Nd4 14. Rae1 f6 15. Be3 b6 16. Ne2 e5 1/2-1/2

[Event "BL2-Ost 0203"]
[Site "Germany"]
[Date "2003.02.23"]
[Round "7.5"]
[White "Krueger, Rainer"]
[Black "Meier, Volker"]
[Result "1-0"]
[WhiteElo "2228"]
[BlackElo "2294"]
[PlyCount "39"]
[EventDate "2002.10.20"]
[EventType "team-tourn"]
[EventRounds "9"]
[EventCountry "GER"]
[SourceTitle "EXT 2004"]
[Source "ChessBase"]
[SourceDate "2003.11.25"]
[SourceVersion "1"]
[SourceVersionDate "2003.11.25"]
[SourceQuality "1"]
[WhiteTeam "Erfurt SK II"]
[BlackTeam "Schott Mainz"]
[WhiteTeamCountry "GER"]
[BlackTeamCountry "GER"]

1. Nf3 c5 2. c4 Nc6 3. Nc3 Nd4 4. e3 Nxf3+ 5. Qxf3 g6 6. d4 cxd4 7. exd4 Bg7 8. Be3 Nf6 9. Bd3 d6 10. h3 0-0 11. 0-0 e5 12. Rfd1 Qe7 13. Bg5 Bf5 14. Nd5 Qe6 15. Bxf6 Bxd3 16. Bxg7 Bxc4 17. Nc7 Qd7 18. Bxf8 Rxf8 19. Nd5 f5 20. dxe5 1-0